Ricostruisci la Carriera del Calciatore - Iago Aspas - Statistics

Statistiche generali
  • Questo quiz è stato fatto 7 volte
  • Il punteggio medio è 3 su 5
Statistiche sulle risposte
Hint Risposta % Corretto
2006-2008 Celta Vigo B
100%
2015- Celta Vigo
80%
2014-2015 Siviglia
60%
2008-2013 Celta Vigo
40%
2013-2014 Liverpool
20%
Nessun quiz corrispondente trovato
Distribuzione punteggi
Percentuale di utenti per punteggio
Percentile per numero di risposta
I tuoi punteggi nel tempo
Non hai fatto questo quiz